000
00313cam a22001217a 4500
008
180718b1973 xxu||||| |||| 00| 0 eng d
082
_a
A99 R13c
100
_a
Mangat, E.M.
245
_a
Commitment my style
_c
by E.N. Mangat
260
_a
Delhi
_b
Vikas
_c
1973
300
_a
275p.
650
_a
Rai, E.N. Mangat, 1915--
999
_c
352045
_d
352045